[Event "Danzhou 13th"]
[Site "Danzhou"]
[Date "2022.12.13"]
[Round "3"]
[White "Ding, Liren"]
[Black "Erigaisi, Arjun Kumar"]
[Result "1/2-1/2"]
[WhiteElo "2811"]
[BlackElo "2722"]
[PlyCount "96"]
[EventDate "2022.12.12"]
[EventType "tourn (rapid)"]
[EventRounds "7"]
[EventCountry "CHN"]
[EventCategory "19"]
[SourceTitle "CBM 211 Extra"]
[Source "ChessBase"]
[SourceDate "2023.01.31"]
[SourceVersion "1"]
[SourceVersionDate "2023.01.31"]
[SourceQuality "1"]

1. e4 e6 2. d4 d5 3. e5 c5 4. c3 Nc6 5. Nf3 Bd7 6. Be2 f6 7. 0-0 fxe5 8. Nxe5 Nxe5 9. dxe5 Qc7 10. Re1 0-0-0 11. Bf1 Ne7 12. Nd2 Nf5 13. Nf3 Be7 14. b4 Kb8 15. Rb1 Rhf8 16. bxc5 Bxc5 17. Re2 Bb6 18. Ba3 Qxc3 19. Bxf8 Rxf8 20. Rc2 Qa3 21. Bb5 Bxb5 22. Rxb5 Qa4 23. Rb1 Qf4 24. Qd2 Ne3 25. Rb4 Nc4 26. Qxf4 Rxf4 27. Ne1 Ba5 28. Nd3 Rd4 29. Rb3 Nxe5 30. Nb2 Re4 31. g3 g5 32. Kg2 Bb6 33. Rbc3 a6 34. Rc8+ Ka7 35. Re8 Nc6 36. Nd3 e5 37. h3 h5 38. a3 a5 39. Rb2 Ra4 40. Rb5 e4 41. Ne5 Rxa3 42. Rxd5 Nxe5 43. Rexe5 Ra2 44. Rxe4 Rxf2+ 45. Kh1 Rf1+ 46. Kg2 Rf2+ 47. Kh1 Rf1+ 48. Kg2 Rf2+ 1/2-1/2

[Event "Speed Chess"]
[Site "Chess.com INT"]
[Date "2022.12.09"]
[Round "2.11"]
[White "Ding, Liren"]
[Black "Nihal, Sarin"]
[Result "1-0"]
[WhiteElo "2811"]
[BlackElo "2670"]
[PlyCount "79"]
[EventDate "2022.11.23"]
[EventType "k.o. (blitz)"]
[EventRounds "4"]
[EventCountry "USA"]
[SourceTitle "CBM 211 Extra"]
[Source "ChessBase"]
[SourceDate "2023.01.31"]
[SourceVersion "1"]
[SourceVersionDate "2023.01.31"]
[SourceQuality "1"]

1. e4 c6 2. d4 d5 3. e5 c5 4. Nf3 cxd4 5. Nxd4 Nc6 6. Nxc6 bxc6 7. Bd3 e6 8. 0-0 Ne7 9. Nd2 a5 10. Nf3 Ba6 11. Bxa6 Rxa6 12. c4 Ng6 13. cxd5 cxd5 14. h4 h5 15. Be3 Be7 16. g3 0-0 17. Bd4 Rc6 18. Ne1 f6 19. Qxh5 Nxe5 20. Bxe5 fxe5 21. Qxe5 Bf6 22. Qe2 e5 23. Rd1 e4 24. Ng2 Rd6 25. Nf4 Re8 26. Rxd5 Rxd5 27. Qc4 Ree5 28. Rd1 Qc7 29. Qxc7 Rxd1+ 30. Kg2 Rd2 31. Ng6 Re8 32. Qc4+ Kh7 33. Qf7 Rc8 34. Nf8+ Kh8 35. Ng6+ Kh7 36. Ne7 Rc5 37. Qg6+ Kh8 38. Qe8+ Kh7 39. Qg8+ Kh6 40. Qh8# 1-0

[Event "Speed Chess"]
[Site "Chess.com INT"]
[Date "2022.12.09"]
[Round "2.19"]
[White "Ding, Liren"]
[Black "Nihal, Sarin"]
[Result "1/2-1/2"]
[WhiteElo "2811"]
[BlackElo "2670"]
[PlyCount "89"]
[EventDate "2022.11.23"]
[EventType "k.o. (blitz)"]
[EventRounds "4"]
[EventCountry "USA"]
[SourceTitle "CBM 211 Extra"]
[Source "ChessBase"]
[SourceDate "2023.01.31"]
[SourceVersion "1"]
[SourceVersionDate "2023.01.31"]
[SourceQuality "1"]

1. d4 d5 2. c4 e6 3. Nc3 h6 4. Bf4 Nf6 5. e3 Bd6 6. Bxd6 Qxd6 7. cxd5 Nxd5 8. Rc1 0-0 9. Nf3 b6 10. Nxd5 exd5 11. Qc2 c6 12. Bd3 Be6 13. 0-0 Rc8 14. Ne5 c5 15. f4 Nc6 16. dxc5 Qe7 17. Nxc6 Rxc6 18. b4 bxc5 19. Bb5 Rb6 20. Qxc5 Qxc5 21. Rxc5 Rab8 22. a4 a6 23. f5 Bc8 24. Bc6 Rxb4 25. Rxd5 Bb7 26. Bxb7 R8xb7 27. Ra5 Rc7 28. h3 h5 29. f6 g6 30. Rxa6 Rb2 31. Kh2 Rcc2 32. Rg1 Rf2 33. a5 Ra2 34. Kg3 Rf5 35. Rc1 Rg5+ 36. Kf4 Rf5+ 37. Ke4 Ra4+ 38. Kd3 Rd5+ 39. Ke2 Ra2+ 40. Kf3 Rf5+ 41. Ke4 Ra4+ 42. Kd3 Rd5+ 43. Ke2 Ra2+ 44. Kf3 Rf5+ 45. Ke4 1/2-1/2